1288 1504 1985 1526 1356 1401 1982 1277 1675 1729 1121 1878 1092 1047 1020 1106 1033 1361 1433 1834 1877 1657 1272 1667 1197 1890 1598 1969 1120 1446 1588 1449 1163 1639 1698 1385 1707 1432 1976 1926 1494 1491 1582 1782 1476 1843 1781 1686 1101 1541 1797 1374 1968 1482 1905 1115 1223 1490 1066 1507 1500 1607 1641 1226 1617 1542 1693 1917 1722 1602 1807 1024 1323 1836 1787 1933 1692 1568 1833 1074 1561 1863 1532 1913 1178 1879 1232 1015 1418 1946 1193 1491 1418 1218 1854 1700 1909 1667 1342 BCNSPRNW ULIB Ver.6.0+V

เปลี่ยนเป็นภาษาไทย

Change to English
 แสดงรายละเอียดบรรณานุกรม
  กลับหน้าหลัก

Brief Record : Get Marc (ISO 2709) : E-mail record : QR code < ปิดหน้าต่าง
LEADER : 00000nam 2200000uu 4500
001    13399128449
003     ULIB
008    230829s2565||||th 000 0 tha d
020    ^a9786164685246
060 04 ^aQU145^bจ483ก
100 0  ^aจินตนา สุวิทวัส
245 10 ^aการประเมินภาวะโภชนาการ /^cโดย จินตนา สุวิทวัส
250    ^aพิมพ์ครั้งที่ 5
260    ^aขอนแก่น ;^bคณะพยาบาลศาสตร์ มหาวิทยาลัยขอนแก่น,^c2565
300    ^aฎ, 137 แผ่น :^bภาพประกอบ ;^c26 ซม.
504    ^aมีบรรณานุกรมและดัชนี
650  2 ^aNutritional Status
650  4 ^aภาวะโภชนาการ
710 2  ^aมหาวิทยาลัยขอนแก่น.^bคณะพยาบาลศาสตร์
945    ^p250^l0^i29650
945    ^p250^l0^i29651
999    ^aกัณชพร จุลอักษร
รายการนี้ยังไม่มีแท็ก
คุณยังไม่ได้ล็อกอิน คุณสามารถมีกิจกรรมร่วมกับเว็บไซต์ได้ แต่ต้องล็อกอินก่อน ::
  ล็อกอิน

รายการสื่อสารสนเทศ

ลำดับที่ ประเภท เลขเรียก/บาร์โค้ด สถานที่ สถานะ
1. หนังสือสำรอง
หนังสือสำรอง
QU145 จ483ก ฉ.1 
  Barcode: 29650
ห้องสมุดวิทยาเขตนครสวรรค์
►หนังสือทั่วไป:l:General Books
บนชั้น
2. วิทยาศาสตร์การแพทย์ และสุขภาพ
วิทยาศาสตร์การแพทย์ และสุขภาพ
QU145 จ483ก ฉ.2 
  Barcode: 29651
ห้องสมุดวิทยาเขตนครสวรรค์
►หนังสือทั่วไป:l:General Books
บนชั้น

รายการใกล้เคียง
    ผู้แต่ง [จินตนา สุวิทวัส]

    หัวเรื่อง [Nutritional Status]
    หัวเรื่อง [ภาวะโภชนาการ]

BibComment


ยังไม่เคยถูกคอมเมนท์

คอมเมนท์ทรัพยากรรายการนี้
  คอมเมนท์: การประเมินภาวะโภ..


 Copyright 2026. Bcnsprnw @Library